| 000 | 00426nam a2200169 i 4500 | ||
|---|---|---|---|
| 001 | 26169 | ||
| 003 | ES-MaACL | ||
| 007 | t| | ||
| 008 | 030108q1952 sp ||||1| spa d | ||
| 245 | 0 | 0 | _aAspectos económicos y jurÃdicos de Galicia. |
| 260 |
_aVigo : _bGalaxia, _c195-? |
||
| 300 |
_a122 p. ; _c24 cm. |
||
| 490 | 1 |
_aGrial ; _v4 |
|
| 830 | 0 |
_aGrial ; _v4 _9186498 |
|
| 852 |
_aES-MaACL _jE-3452 |
||
| 999 |
_c26169 _d26169 |
||